Health imperatives in foreign policy: the case of Malaysia / by (Record no. 1418)

MARC details
000 -LEADER
fixed length control field 01071naa a22002897u 4500
001 - CONTROL NUMBER
control field 04093
003 - CONTROL NUMBER IDENTIFIER
control field HDC
007 - PHYSICAL DESCRIPTION FIXED FIELD--GENERAL INFORMATION
fixed length control field cr cn ---aaaaa
008 - FIXED-LENGTH DATA ELEMENTS--GENERAL INFORMATION
fixed length control field 210114p2007 sz ||||| |||| 00| 0 eng d
040 ## - CATALOGING SOURCE
Original cataloging agency HDC
100 ## - MAIN ENTRY--PERSONAL NAME
Personal name Barraclough, Simon
Relator term author
9 (RLIN) 4166
245 #0 - TITLE STATEMENT
Title Health imperatives in foreign policy: the case of Malaysia / by
Statement of responsibility, etc. Simon Barraclough and Kai-Lit Phua
260 ## - PUBLICATION, DISTRIBUTION, ETC.
Place of publication, distribution, etc. Switzerland :
Name of publisher, distributor, etc. World Health Organization,
Date of publication, distribution, etc. 2007
300 ## - PHYSICAL DESCRIPTION
Extent 1 online resource (5 pages)
336 ## - CONTENT TYPE
Content type term text
Source rdacontent
337 ## - MEDIA TYPE
Media type term computer
Source rdamedia
338 ## - CARRIER TYPE
Carrier type term online resource
Source rdacarrier
500 ## - GENERAL NOTE
General note Extract From: Bulletin of the World Health Organization | March 2007, 85 (3)
650 ## - SUBJECT ADDED ENTRY--TOPICAL TERM
Topical term or geographic name entry element foreign policy
9 (RLIN) 4168
650 ## - SUBJECT ADDED ENTRY--TOPICAL TERM
Topical term or geographic name entry element Health imperatives
9 (RLIN) 4167
650 ## - SUBJECT ADDED ENTRY--TOPICAL TERM
Topical term or geographic name entry element Health
Geographic subdivision Malaysia
9 (RLIN) 4169
700 ## - ADDED ENTRY--PERSONAL NAME
Personal name Kai-Lit, Phua
Relator term author
9 (RLIN) 4170
856 ## - ELECTRONIC LOCATION AND ACCESS
Public note Request full-text at [email protected]
942 ## - ADDED ENTRY ELEMENTS (KOHA)
Source of classification or shelving scheme Library of Congress Classification
942 ## - ADDED ENTRY ELEMENTS (KOHA)
Koha item type Articles
942 ## - ADDED ENTRY ELEMENTS (KOHA)
Call number prefix EMAG 000066
Holdings
Withdrawn status Lost status Source of classification or shelving scheme Damaged status Not for loan Home library Current library Shelving location Date acquired Total checkouts Full call number Date last seen Price effective from Koha item type
    Library of Congress Classification     Halal Development Corporation Library Halal Development Corporation Library Open Shelves 24/05/2023   EMAG 000066 24/05/2023 24/05/2023 Articles
Halal Development Corporation Berhad (HDC)
5.02 Level 5, KPMG Tower, First Avenue, Persiaran Bandar Utama, 47800 Petaling Jaya, Selangor Darul Ehsan
Phone: +603 7965 5489 Email: [email protected]